| 000 -ლიდერი |
| ფიქსირებული სიგრძის საკონტროლო ველი |
01712nam a22002657a 4500 |
| 003 - საკონტროლო ნომრის იდენტიფიკატორი |
| საკონტროლო ველი |
Ge_BSU |
| 005 - ბოლო ოპერაციის თარიღი და დრო |
| საკონტროლო ველი |
20200818140754.0 |
| 008 - ფიქსირებული სიგრძის მონაცემთა ელემენტები - ზოგადი ინფორმაცია |
| ფიქსირებული სიგრძის საკონტროლო ველი |
200818s2019 ge ||||| |||| 00| 0 geo d |
| 020 ## - წიგნის საერთაშორისო სტანდარტული ნომერი |
| International Standard Book Number |
9789941964831 |
| 041 ## - ენის კოდი |
| Language code of text/sound track or separate title |
geo |
| 080 ## - უნივერსალური ათობითი კლასიფიკაციის ინდექსი |
| Universal Decimal Classification number |
347.963(479.22) ს-31 |
| 245 ## - ცნობა სათაურის შესახებ |
| Title |
საპროკურორო სამართალი / |
| Statement of responsibility, etc |
პოლიკარპე ( თემურ ) მონიავა, მიხეილ მამნიაშვილი, ნანა ( ნინო ) რევაზიშვილი, ირაკლი გაბისონია, თემურ ( უმცროსი ) მონიავა, ნიკოლოზ გელაშვილი. |
| 250 ## - გამოცემის ცნობა |
| Edition statement |
მეორე გადამუშავებული და დაზუსტებული გამოცემა |
| 264 ## - წარმოების, გამოცემის, დისტრიბუციის და სხვა ცნობები |
| გამოცემის, წარმოების, დისტრიბუციის... ადგილი |
თბ. : |
| გამოცემის, წარმოების, დისტრიბუციის... სახელწოდება |
,,იურისტების სამყარო'' , |
| გამოცემის, წარმოების, დისტრიბუციის... თარიღი |
2019 |
| 300 ## - ფიზიკური აღწერა |
| Extent |
462 გვ. |
| Other physical details |
21 სმ. |
| 504 ## - BIBLIOGRAPHY, ETC. NOTE |
| Bibliography, etc |
ბიბლიოგრ. გვ. 455-460 |
| 653 ## - INDEX TERM--UNCONTROLLED |
| Uncontrolled term |
საპროკურორო სამართალი |
| 700 ## - ADDED ENTRY--PERSONAL NAME |
| Personal name |
მონიავა, პოლიკარპე(თემურ) |
| Relator term |
ავტორი |
| 9 (RLIN) |
9244 |
| 700 ## - ADDED ENTRY--PERSONAL NAME |
| Personal name |
მამნიაშვილი, მიხეილ |
| Relator term |
ავტორი |
| 9 (RLIN) |
8217 |
| 700 ## - ADDED ENTRY--PERSONAL NAME |
| Personal name |
რევაზიშვილი, ნანა(ნინო) |
| Relator term |
ავტორი |
| 9 (RLIN) |
9245 |
| 700 ## - ADDED ENTRY--PERSONAL NAME |
| Personal name |
გაბისონია, ირაკლი |
| Relator term |
ავტორი |
| 9 (RLIN) |
7024 |
| 700 ## - ADDED ENTRY--PERSONAL NAME |
| Personal name |
გელაშვილი, ნიკოლოზ |
| Relator term |
ავტორი |
| 9 (RLIN) |
9246 |
| 700 ## - ADDED ENTRY--PERSONAL NAME |
| Personal name |
მონიავა, თემურ(უმცროსი) |
| Relator term |
ავტორი |
| 9 (RLIN) |
9247 |
| 942 ## - ADDED ENTRY ELEMENTS (KOHA) |
| Source of classification or shelving scheme |
|
| Koha item type |
წიგნი |